Quizzes
Events
Quiz Creation
Community
Videos
Private Events
Remove Ads
Sign In
Join for FREE
Feedback
Dark Mode
Quiz Categories
Sports
Geography
Music
Movies
Television
Just For Fun
Miscellaneous
History
Literature
Language
Science
Gaming
Entertainment
Religion
Holiday
For Kids
Quiz Lab
Recent
Popular Today
Quiz Kudos Today
Editor Picks
Curator Picks
Quizzes by...
Day
Popularity
Type
Ratings
Length
Year
Community
Subscriptions
Recent Discussions
Orange Saloon
Badges
Playlists
Quests
Create
Leaderboards
Showdown
Live 5
Trivia Bingo
Activity
Puzzle Library
Sporcle Events
Private Events
Virtual Trivia
Globe League
Become a Host
Pub Owners
SporcleCon
Opinionation
Our Games
Videos
Blog
Mobile Apps
Partnerships
Remove Ads and Go Orange
Feedback
Miscellaneous
Crossword
General Knowledge
Baby Names
Logo
Food
Cars
Numbers
Grab Bag
University
College
Popular
Company
Slogans
Restaurants
Justice
Letter
Miscellaneous
Crossword
General Knowledge
Baby Names
Logo
Food
Cars
Numbers
Grab Bag
University
College
Popular
Company
Slogans
Restaurants
Justice
Letter
Random Quiz
Search Sporcle
×
Quiz Lab
Quiz Lab
Miscellaneous
school
Type in answers that appear in a list
Type in answers that appear in a list
Classic
Best Score? Go Orange.
Best US High Schools Stats
Can you name the Best US High Schools??
By
Tad11
8m
12 Questions
76 Plays
76 Plays
76 Plays
Comments
Comments
Give Quiz Kudos
Give Quiz Kudos
-
- Ratings
hide this ad
Random Order
Randomize order of answers
Randomize order of answers
Replay
Link that replays current quiz
Next Quiz
Link to next quiz in quiz playlist
You Got
0%
They Got
Avg Score
31%
Avg Friend Score
Upgrade to see
Score Distribution
Jump to the score distribution portion of the page
Score
0/12
Timer
08:00
0
Plays Today
Location
School
% Correct
Deerfield, MA
Deerfield Academy
57.9%
Milton, MA
Milton Academy
50%
Exeter, NH
Phillips Exeter Academy
44.7%
Groton, MA
Groton School
43.4%
Lawrenceville, NJ
The Lawrenceville School
36.8%
Andover, MA
Phillips Andover Academy
35.5%
Lakeville, CT
The Hotchkiss School
25%
Concord, NH
St. Paul's School
22.4%
Wallingford, CT
Choate Rosemary Hall
21.1%
Concord, MA
The Middlesex School
17.1%
Bethesda, MD
Georgetown Preperatory School
15.8%
Hightstown, NJ
The Peddie School
11.8%
Quiz Playlist
Details
Report
Send in Message
Add To Playlist
Classic:
Type in answers that appear in a list
Random Order:
Randomize order of answers
Quiz Source
Last Updated: Feb 16, 2017
Quiz Scoreboard
CHALLENGE
Sign Up to Join the Scoreboard
Show All
Scores
Hide
Comments
May contain spoilers
Recently Published
Pick 6: Fruits
by JohnFran
Miscellaneous
15s
Click the 1999 NBA Draft
by nibperrychub
Sports
2m
Alphabetical 'K' Countries by Flag Minefield
by ylime102
Geography
3m
More to Explore
Quiz From the Vault
Featured Blog Post
15 Basketball Trivia Facts You Can Be March Mad About
hide this ad
You Might Also Like...
Tags
Founded
location
school
Today's Top Quizzes in Miscellaneous
Browse Miscellaneous
hide this ad
Today's Top Quizzes in school
Browse school
Top Contributed Quizzes in Miscellaneous
1
Spring Months consonants
2
Pick 6: Vegetables
3
Pick 6: Supreme Pizza
4
Pick 6: University Mascots
5
Four Seasons
6
Guess the 'S' Things in 3 Words
7
The JOE quick-fire general knowledge quiz: Day 166
8
The JOE quick-fire general knowledge quiz: Day 165
9
Guess the 'T' Things in 3 Words
10
Sporcle Acrostic Puzzle XXXV
Explore More
Trending Topics
Disney
Kpop
NBA
Marvel
Crossword
Anime
Harry Potter
The Office
Country
Puzzle
Pokémon
WWE
NFL
Song
Soccer
hide this ad
More By:
Tad11
Quiz
Plays
Rating
Category
Featured
Created
2010 NESCAC Championship Tufts Baseball
95
1.00
Sports
May 10, 2010
Best US High Schools
76
3.00
Miscellaneous
Mar 1, 2010
Tufts Baseball Program Members 2006-2010
51
Sports
May 12, 2010
Go to Creator's Profile
Score Distribution
Quiz Creator Spotlight
Tad11
Follow
Send a Message
Quizzes Created
-
Created Quiz Play Count
-
More By This Creator
Popular Quizzes Today
1
Find the US States - No Outlines Minefield
2
Countries of Asia Without Outlines Minefield
3
Pick 6: Fruits
4
The Countries of the World
5
Alphabetical 'K' Countries by Flag Minefield
6
Find the US States
7
Match the Book to the Film X
8
Click the 1999 NBA Draft
More Miscellaneous Quizzes
Christmas Foods - One Wrong Letter
Editor's Pick
Trending Quizzes
Pick 6: Harry Potter
Pick 6: Mountains
Pick 6: NFL Teams
Pick 6: Movie Franchises
Pick 6: Golfers
Recently Updated
Women's Final Four Teams by Year
bhenderson79
Presidents Quartet II
eogle
Anything But Clue(do)
eogle
Anything But Oceanian Capitals
eogle
Anything But 7
eogle
Anything But Thing
eogle
Word Ladder: February 29
pecheneg
Song Title Questions
pecheneg
Women's NCAA Tournament #1 Seeds
pecheneg
Celebrity Mug Shots
pecheneg
Trending Topics
Disney
Anime
NBA
Kpop
Marvel
Crossword
Harry Potter
Song
Puzzle
Pokémon
The Office
NFL
WWE
Soccer
Country
Your Account Isn't Verified!
In order to create a playlist on Sporcle, you need to verify the email address you used during registration. Go to your
Sporcle Settings
to finish the process.
Report this User
Report this user for behavior that violates our
Community Guidelines
.
Details:
Send Report
Go to the Sporcle.com Mobile Site →
Comments